Impressionisten im Museum Jeu de Paume zu Paris : Manet bis Sisley /

محفوظ في:
التفاصيل البيبلوغرافية
مؤلف مشترك: Galerie Jeu de Paume
مؤلفون آخرون: Forges, Marie-Thérèse de (texto) (texto)
التنسيق: كتاب
اللغة:German
منشور في: Berna, Suiza, Hallwag, 1965, c1965
سلاسل:(Orbis-Pictus-Bandchen ; 41)
الموضوعات:
الوسوم: إضافة وسم
لا توجد وسوم, كن أول من يضع وسما على هذه التسجيلة!

MARC

LEADER 00000nam^a2200000^a^4500
001 000394453
005 20250526000000.0
008 170628
009 20260310121336.864
025 |a Donación Buena Prensa, 1 ejemplar (noviembre 2016) 
037 |a Acervo Xavier Clavigero 
041 |a ALE 
082 |a 708. 944361  |b GAL 
110 |a Galerie Jeu de Paume 
245 1 0 |a Impressionisten im Museum Jeu de Paume zu Paris :  |b Manet bis Sisley /  |c Galerie Jeu de Paume ; texto de M.T. de Forges. 
264 4 |a Berna, Suiza,  |b Hallwag,  |c 1965, c1965 
300 |a 47 p. ;  |c 19.0 cm. 
336 |a texto  |b txt  |2 rdacontenido 
337 |a sin mediación  |b n  |2 rdamedio 
338 |a volumen  |b nc  |2 rdasoporte 
440 1 |a (Orbis-Pictus-Bandchen ;  |v 41) 
649 |a XX 
650 |a Museos y Galerías -  |z París, Francia -  |x Colecciones -  |x Tema Principal 
650 |a Museos y Galerías -  |z Francia -  |x Colecciones 
650 |a Impresionismo -  |z París, Francia -  |x Colecciones -  |x Tema Principal 
650 |a Impresionismo -  |x Colecciones 
650 |a Impresionismo -  |x Historia y Crítica 
650 |a Pintura Moderna -  |z París, Francia -  |x Colecciones 
650 |a Pintura -  |x Colecciones 
650 |a Pintura -  |x Historia y Crítica 
650 |a Arte Moderno -  |z París, Francia -  |x Colecciones 
650 |a Arte -  |x Colecciones 
650 |a Arte -  |x Historia y Crítica 
700 |a Forges, Marie-Thérèse de  |e (texto) 
910 |a Fondo General 
920 |a Impresos - Libros 
930 |a Libros Antiguos y Raros 
905 |a 108 
901 |a 0500289699  |b IT2  |c LRA  |i FXC D  |u 20250526 
902 |a https://opac.biblio.iteso.mx/vufind/Record/000394453